El movimiento obrero y la cuestion nacional : argentina, inmigrantes asalariados y lucha de clases, /

Guardado en:
Autor Principal: Godio, Julio
Formato: Libro
Publicado: Buenos Aires : Erasmo, 1972
Materias:
Etiquetas: Agregar Etiqueta
Sin Etiquetas, Sea el primero en etiquetar este registro!
LEADER 00676nam a22002055a 4500
001 EHU.bham024583
003 AR-BHAM
005 20130507152439.0
008 130507s1972##################000#0#####d
082 3 3 |a 331.88 
100 1 |a Godio, Julio 
245 1 0 |a El movimiento obrero y la cuestion nacional :  |b argentina, inmigrantes asalariados y lucha de clases, /  |c Julio Godio 
260 |a Buenos Aires :  |b Erasmo,  |c 1972 
300 |a 242 p. 
653 |a Donacion lejarraga 
653 |a Movimiento obrero 
653 |a Inmigracion - argentina 
653 |a Lucha de clases 
653 |a Historia argentina-1880-1910 
859 |a AR-BHAM  |b BIB. HUMANIDADES - General  |h 331.88  |i G544-1  |p 347.02  |t Ej.1